[Event "Palanga op"]
[Site "Palanga"]
[Date "2015.06.18"]
[Round "6"]
[White "Zidanavicius, Eimutis"]
[Black "Gailiunaite, Saule"]
[Result "0-1"]
[WhiteElo "1857"]
[BlackElo "1788"]
[PlyCount "80"]
[EventDate "2015.06.15"]
[EventType "swiss"]
[EventRounds "9"]
[EventCountry "LTU"]
[SourceTitle "CBM 167 Extra"]
[Source "ChessBase"]
[SourceDate "2015.09.14"]
[SourceVersion "1"]
[SourceVersionDate "2015.09.14"]
[SourceQuality "1"]

1. d4 d5 2. Nc3 Nf6 3. Bg5 c6 4. Bxf6 exf6 5. Qd3 Be7 6. e3 Be6 7. Be2 Nd7 8. Bf3 0-0 9. e4 dxe4 10. Bxe4 g6 11. Nge2 f5 12. Bf3 Nb6 13. b3 Bf6 14. Rd1 Re8 15. 0-0 Qc7 16. Nc1 Rad8 17. N3e2 Bg7 18. c4 Re7 19. a4 Nc8 20. Na2 Red7 21. Nb4 Bxd4 22. Nxd4 Qb6 23. Nbc2 c5 24. Rfe1 cxd4 25. b4 Qa6 26. c5 Bc4 27. Qa3 d3 28. b5 Qf6 29. c6 bxc6 30. bxc6 Re7 31. g3 Rc7 32. Ne3 d2 33. Rxd2 Rxd2 34. Nxc4 Rd8 35. Kg2 g5 36. h3 g4 37. hxg4 fxg4 38. Bxg4 Qxc6+ 39. Qf3 Qxf3+ 40. Bxf3 Rxc4 0-1

[Event "Palanga op"]
[Site "Palanga"]
[Date "2015.06.16"]
[Round "2"]
[White "Zidanavicius, Eimutis"]
[Black "Bucinskas, Valdas"]
[Result "1/2-1/2"]
[WhiteElo "1857"]
[BlackElo "2355"]
[PlyCount "65"]
[EventDate "2015.06.15"]
[EventType "swiss"]
[EventRounds "9"]
[EventCountry "LTU"]
[SourceTitle "CBM 167 Extra"]
[Source "ChessBase"]
[SourceDate "2015.09.14"]
[SourceVersion "1"]
[SourceVersionDate "2015.09.14"]
[SourceQuality "1"]

1. d4 f5 2. Bg5 Nf6 3. Bxf6 exf6 4. e3 d5 5. Bd3 Be6 6. Qf3 g6 7. Ne2 c6 8. Nd2 Nd7 9. h4 h5 10. 0-0 Nb6 11. a4 Nc8 12. c4 Bb4 13. Nc3 Nd6 14. cxd5 cxd5 15. Qe2 Ne4 16. Bxe4 Bxc3 17. Bxf5 Bxf5 18. bxc3 0-0 19. c4 Rc8 20. cxd5 Qxd5 21. Rfc1 Bd7 22. Qf3 Qxf3 23. Nxf3 Rxc1+ 24. Rxc1 Bxa4 25. Ra1 b5 26. Ne1 a5 27. Kf1 Ra8 28. Ke2 Bb3 29. Kd2 Kf7 30. Nd3 Bc4 31. Nc5 Ra7 32. Kc3 Ke7 33. e4 1/2-1/2

[Event "Palanga op"]
[Site "Palanga"]
[Date "2013.06.18"]
[Round "2"]
[White "Klabis, Rokas"]
[Black "Zidanavicius, Eimutis"]
[Result "1-0"]
[WhiteElo "2193"]
[BlackElo "1849"]
[PlyCount "57"]
[EventDate "2013.06.17"]
[EventType "swiss"]
[EventRounds "9"]
[EventCountry "LTU"]
[SourceTitle "EXT 2014"]
[Source "ChessBase"]
[SourceDate "2013.11.20"]
[SourceVersion "1"]
[SourceVersionDate "2013.11.20"]
[SourceQuality "1"]

1. e4 c6 2. d3 e5 3. Nf3 d6 4. g3 Bg4 5. Bg2 Ne7 6. h3 Bxf3 7. Qxf3 Ng6 8. h4 Qf6 9. Qe2 Qd8 10. Nd2 Nd7 11. Nc4 Nb6 12. Ne3 Ne7 13. h5 f6 14. f4 Qc7 15. Bh3 d5 16. Ng4 Nd7 17. Bd2 d4 18. Rf1 c5 19. fxe5 Nxe5 20. Nxe5 fxe5 21. Qg4 Qd6 22. Ke2 h6 23. Qf3 Kd8 24. Qxf8+ Rxf8 25. Rxf8+ Kc7 26. Rxa8 Nc6 27. Rc8+ Kb6 28. Rf1 a5 29. Rf7 1-0

[Event "Baltija Cup op-A"]
[Site "Palanga"]
[Date "2011.06.21"]
[Round "4"]
[White "Zidanavicius, Eimutis"]
[Black "Juknaite, Aneta"]
[Result "1-0"]
[WhiteElo "1859"]
[BlackElo "1693"]
[PlyCount "29"]
[EventDate "2011.06.19"]
[EventType "swiss"]
[EventRounds "8"]
[EventCountry "LTU"]
[SourceTitle "EXT 2012"]
[Source "ChessBase"]
[SourceDate "2011.11.24"]
[SourceVersion "1"]
[SourceVersionDate "2011.11.24"]
[SourceQuality "1"]

1. d4 d5 2. Nc3 e6 3. e4 dxe4 4. Nxe4 Nd7 5. Nf3 Ngf6 6. Bg5 Be7 7. Bxf6 Nxf6 8. Nxf6+ Bxf6 9. c3 0-0 10. Bd3 Re8 11. 0-0 g6 12. Re1 Qd6 13. Ne5 c5 14. Qf3 Bg7 15. Qxf7+ 1-0

[Event "Baltija Cup op-A"]
[Site "Palanga"]
[Date "2011.06.20"]
[Round "2"]
[White "Zidanavicius, Eimutis"]
[Black "Paulauskas, Andrius"]
[Result "1/2-1/2"]
[WhiteElo "1859"]
[BlackElo "1644"]
[PlyCount "48"]
[EventDate "2011.06.19"]
[EventType "swiss"]
[EventRounds "8"]
[EventCountry "LTU"]
[SourceTitle "EXT 2012"]
[Source "ChessBase"]
[SourceDate "2011.11.24"]
[SourceVersion "1"]
[SourceVersionDate "2011.11.24"]
[SourceQuality "1"]

1. d4 e6 2. Nc3 Nf6 3. e4 d5 4. Bg5 Be7 5. Bxf6 Bxf6 6. Nf3 a6 7. Qd2 h6 8. e5 Be7 9. Nd1 c5 10. c3 Nc6 11. a3 Na5 12. Qc2 c4 13. Ne3 Bd7 14. Nd2 Nb3 15. Nxb3 Ba4 16. Bxc4 dxc4 17. Nxc4 b5 18. Ncd2 Qd5 19. 0-0 Rc8 20. f4 0-0 21. Rf3 Rc7 22. Rg3 Rfc8 23. Rf1 Bf8 24. f5 Kh8 1/2-1/2

[Event "Klaipeda Sea op 07th"]
[Site "Klaipeda"]
[Date "2010.07.29"]
[Round "6"]
[White "Cernavina, Ksenija"]
[Black "Zidanavicius, Eimutis"]
[Result "1-0"]
[WhiteElo "1747"]
[BlackElo "1888"]
[PlyCount "81"]
[EventDate "2010.07.26"]
[EventType "swiss"]
[EventRounds "9"]
[EventCountry "LTU"]
[SourceTitle "EXT 2012"]
[Source "ChessBase"]
[SourceDate "2011.11.24"]
[SourceVersion "1"]
[SourceVersionDate "2011.11.24"]
[SourceQuality "1"]

1. Nf3 Nf6 2. d4 e6 3. c4 b6 4. e3 Bb7 5. Bd3 Ne4 6. 0-0 f5 7. Ne5 Nf6 8. f4 d6 9. Nf3 Be4 10. Nc3 d5 11. Ne5 Bxd3 12. Qxd3 c6 13. Bd2 Bd6 14. Rac1 0-0 15. cxd5 cxd5 16. Nb5 Ne8 17. a3 a6 18. Nxd6 Nxd6 19. Rc2 Re8 20. Rfc1 Nd7 21. Rc7 Nxe5 22. dxe5 Nc4 23. Rc6 Nxb2 24. Qd4 Nc4 25. Bb4 Rc8 26. Rxc8 Qxc8 27. Qd3 Qc6 28. Qb3 b5 29. Kf2 Rd8 30. Qd3 Rc8 31. Qd4 Qb7 32. h3 a5 33. Bc5 Rc6 34. Rb1 h6 35. g4 fxg4 36. hxg4 a4 37. f5 Nxe5 38. Qxe5 Rxc5 39. Qxe6+ Qf7 40. Qb6 Qd7 41. Qxc5 1-0

[Event "Klaipeda Sea op 07th"]
[Site "Klaipeda"]
[Date "2010.07.27"]
[Round "2"]
[White "Vaitonis, Vytautas"]
[Black "Zidanavicius, Eimutis"]
[Result "1/2-1/2"]
[WhiteElo "2003"]
[BlackElo "1888"]
[PlyCount "46"]
[EventDate "2010.07.26"]
[EventType "swiss"]
[EventRounds "9"]
[EventCountry "LTU"]
[SourceTitle "EXT 2012"]
[Source "ChessBase"]
[SourceDate "2011.11.24"]
[SourceVersion "1"]
[SourceVersionDate "2011.11.24"]
[SourceQuality "1"]

1. d4 Nf6 2. Nf3 e6 3. c4 Bb4+ 4. Bd2 Qe7 5. a3 Bxd2+ 6. Qxd2 Ne4 7. Qc2 f5 8. Nc3 Nxc3 9. Qxc3 b6 10. g3 Bb7 11. Bg2 0-0 12. 0-0 d6 13. b4 Nd7 14. e3 a5 15. Rfc1 axb4 16. axb4 Rxa1 17. Rxa1 Ra8 18. Rxa8+ Bxa8 19. Qa3 Bxf3 20. Bxf3 Qd8 21. Qa4 Nf6 22. Qc6 Qd7 23. Qa8+ Qe8 1/2-1/2